Normal view
MARC view
- TOTAL QUALITY MANAGEMENT- CASE STUDIES, SERVICE INDUSTRIES MANAGEMENT CASE STUDIES, MANUFACTURING INDUSTRIES MANAGEMENT CASE STUDIES
Entry Topical Term
001 - CONTROL NUMBER
- control field: 65921
003 - CONTROL NUMBER IDENTIFIER
- control field: NUST
005 - DATE AND TIME OF LATEST TRANSACTION
- control field: 20210628203517.0
008 - FIXED-LENGTH DATA ELEMENTS
- fixed length control field: 210628|| aca||aabn | a|a d
040 ## - CATALOGING SOURCE
- Original cataloging agency: NUST
- Transcribing agency: NUST
150 ## - HEADING--TOPICAL TERM
- Topical term or geographic name entry element: TOTAL QUALITY MANAGEMENT- CASE STUDIES, SERVICE INDUSTRIES MANAGEMENT CASE STUDIES, MANUFACTURING INDUSTRIES MANAGEMENT CASE STUDIES
670 ## - SOURCE DATA FOUND
- Source citation: Work cat.: (NUST): Beckford, John 65920, Quality;a critical introduction, 1998
